000 00880nam a22002777a 4500
003 CHAP
005 20220329135233.0
008 971013s1973 r 00010 d
010 _a33085
011 _a34057
035 _a38173
040 _cCHAP
090 _aTesis
100 0 0 _aLozano Armengol, Ricardo.
_968732
245 _aEstudio económico de seis raciones balanceadas en la alimentación de bagre (Ictalurus punctatus R.)
260 _a(Monterrey, N.L.) :
_bEl autor,
_c1973
300 _a68 h.
502 _aTesis (Ing. Agr. Administrador) -- ITESM. Div. de Ciencias Agropecuarias y Marítimas
590 _aALEPH
_b10
_c20130110
_lUCH01
_h1257
590 _aBATCH-UPD
_b10
_c20130110
_lUCH01
_h1147
590 _aCONVERSION
_b10
_c20130109
_lUCH01
_h1319
650 1 4 _aBagre.
_99407
901 _aBK
942 _cTESIS
949 _bBC
_cTES
_d-87278
_eTS1
_i38173
_si
999 _c33085
_d33085